| 000 | 00703nam a2200181Ia 4500 | ||
|---|---|---|---|
| 003 | LDD | ||
| 008 | 190117s9999 xx 000 0 und d | ||
| 020 | _c₹15 | ||
| 040 | _cLDD | ||
| 041 | _ahi | ||
| 082 | _a8H0.309 श63592हि | ||
| 100 | _aशर्मा, नित्यानन्द | ||
| 245 | 0 |
_aहिन्दी साहित्य का मध्यकाल _cनित्यानन्द शर्मा |
|
| 246 | _a Hindi sahitya ka madhyakaal | ||
| 260 |
_aअलीगढ़ | _bारत 1 _c1919 |
||
| 300 | _a336पृ. | ||
| 942 |
_2ddc _cH |
||
| 999 |
_c170758 _d170758 |
||